| 000 | 00359 a2200157 4500 | ||
|---|---|---|---|
| 001 | 150866 | ||
| 040 | _cEscola São Tomás de Aquino | ||
| 100 | _aFREIRE, José Marcelo Rodrigues | ||
| 240 | 1 | 0 |
_aUm menino invisível _lpor |
| 245 | 1 | 0 | _aUm menino invisível |
| 300 | _a44 | ||
| 362 | 0 | _a2006 | |
| 440 | 1 | _aMazza | |
| 697 | _aPsicologia | ||
| 942 | _cBK | ||
| 999 |
_c150866 _d150866 |
||